书目信息 |
| 题名: |
道路绿地景观规划设计
|
|
| 作者: | 王浩 著 | |
| 分册: | ||
| 出版信息: | 南京 东南大学出版社 2003.03 |
|
| 页数: | 185页 | |
| 开本: | 21×30cm | |
| 丛书名: | ||
| 单 册: | ||
| 中图分类: | TU985.18 | |
| 科图分类: | ||
| 主题词: | 城市道路--景观--绿化规划 | |
| 电子资源: | ||
| ISBN: | 7-81089-195-2 | |
| 000 | 00830nam0 2200217 450 | |
| 001 | 010239373797 | |
| 005 | 20051130102805.36 | |
| 010 | @a7-81089-195-2@dCNY40.00 | |
| 100 | @a20051107d2003 km y0chiy0120 ea | |
| 101 | 0 | @achi |
| 102 | @aCN@b320000 | |
| 105 | @aa z 000yy | |
| 200 | 1 | @a道路绿地景观规划设计@Adao lu lu di jing guan gui hua she ji@f王浩等著@Fwang hao deng zhu |
| 210 | @a南京@c东南大学出版社@d2003.03 | |
| 215 | @a185页@c图@d21×30cm | |
| 330 | @a本书作者多年从事教学、理论研究、工程实践,为满足城市道路绿地快速发展的需要而编撰本书,辑为六章,涉及道路景观序列、道路景观生态、道路景观人文、道路景观系统、视觉景观等道路绿地景观规划设计的各个方面。 | |
| 606 | 0 | @a城市道路@x景观@x绿化规划 |
| 690 | @aTU985.18@v4 | |
| 701 | 0 | @a王浩@Awang hao@4著 |
| 801 | 0 | @aCN@bQSSK@c20051130 |
| 905 | @a10447@dTU985.18@eW216 | |
| 道路绿地景观规划设计/王浩等著.-南京:东南大学出版社,2003.03 |
| 185页:图;21×30cm |
| ISBN 7-81089-195-2:CNY40.00 |
| 本书作者多年从事教学、理论研究、工程实践,为满足城市道路绿地快速发展的需要而编撰本书,辑为六章,涉及道路景观序列、道路景观生态、道路景观人文、道路景观系统、视觉景观等道路绿地景观规划设计的各个方面。 |
| ● |
| 相关链接 |
|
|
|
正题名:道路绿地景观规划设计
索取号:TU985.18/W216
 
预约/预借
| 序号 | 登录号 | 条形码 | 馆藏地/架位号 | 状态 | 备注 |
| 1 | 576929 | 205769293 | 建筑库201/201建筑库 66排6列1层/ [索取号:TU985.18/W216] | 在馆 | |
| 2 | 576930 | 205769300 | 建筑库201/201建筑库 66排6列1层/ [索取号:TU985.18/W216] | 在馆 | |
| 3 | 576931 | 205769319 | 建筑库201/201建筑库 66排6列1层/ [索取号:TU985.18/W216] | 在馆 |